Cache Valley
Saved in:
| Hovedforfatter: | |
|---|---|
| Format: | Bog |
| Sprog: | engelsk |
| Udgivet: |
Exemplar Press
2011
|
| Fag: | |
| Tags: |
Tilføj Tag
Ingen Tags, Vær først til at tagge denne postø!
|
MARC
| LEADER | 00000cam a2200000 a 4500 | ||
|---|---|---|---|
| 001 | UCF6371 | ||
| 003 | CL-VaPUC | ||
| 008 | 130425e20110000US |||||||||||||||||eng|d | ||
| 020 | |a 9781609219901 | ||
| 082 | 0 | 4 | |a 970.792 |b SMI |2 21 |
| 100 | 0 | |a Smith, Scott T |e author |9 568335 | |
| 245 | 1 | 0 | |a Cache Valley |
| 300 | |a 79 p | ||
| 942 | |c BK | ||
| 945 | |d 20130425 00:00:00 |a dcastane | ||
| 260 | |b Exemplar Press |c 2011 | ||
| 650 | 0 | |a Historia de Estados Unidos |9 354186 | |
| 650 | 0 | |a Historia de ciudades |9 445863 | |
| 650 | 0 | |a Fotografía artística |9 269391 | |
| 651 | 7 | |a IDAHO |2 CL-VaPUC |9 418345 | |
| 583 | |a last modification |c 20130425 11:23:00 |k Rodrigo Vera | ||
| 999 | |c 351591 |d 351589 | ||